000 00599nam a2200205 a 4500
003 BD-DhJNU
005 20250302042005.0
008 020122s2003 mau b 001 0 eng
020 _a0072476907
040 _aBD-DhJNU
_bENG
_cBD-DhJNU
_dBD-DhJNU
082 0 0 _a170 RAE
_223
100 1 _aRachels, James
245 1 4 _aThe elements of moral philosophy /
_cJames Rachels
250 _a4th ed.
260 _aBoston :
_bMcGraw-Hill,
_cc2003.
300 _axi, 218, 10 p. ;
_c22 cm.
504 _aIncludes bibliographical references (p.203-212) and index.
650 0 _aEthics
_vTextbooks.
942 _cBK
999 _c1426
_d1426